000 01071nam a2200253Ia 4500
003 PE SENCICO BE
005 20251020182549.0
008 200515s9999 xx 000 0 und d
040 _aPE SENCICO BE
_cPE SENCICO BE
041 _aspa
082 _a690.0681
_bV25
100 1 _aValtierra Solares, Alberto
_91360
_eautor
245 1 0 _aOrganización y control de obra :
_bmodelos para administrar la obra arquitectónica /
_cAlberto Valtierra Solares
250 _a[1a ed.]
260 _aMéxico :
_bTrillas,
_c2014
300 _a151 p. :
_bdiagrs., tabls. ;
_c24 cm.
520 _aPresenta los programas en ingenieria ofertados actualmente, con un enfoque hacia el estudiante de secundaria que desea iniciar sus estudios en esta área del conocimiento y aún no tiene claridad en que programa de ingeniería es el adecuado.
650 1 0 _aConstrucción
_9177
650 2 0 _aAdministración de la industria de la construcción
_9941
650 2 0 _aContratos
_91361
650 2 0 _aPresupuestos de obra
_9863
650 2 0 _aControl de obras
_91362
942 _cLIB
_2ddc
999 _c2653
_d2653